Mathematics : (Record no. 16587)
[ view plain ]
| 000 -LEADER | |
|---|---|
| fixed length control field | 01291cam a22003014a 4500 |
| 001 - CONTROL NUMBER | |
| control field | 13590399 |
| 005 - DATE AND TIME OF LATEST TRANSACTION | |
| control field | 20060722173702.0 |
| 008 - FIXED-LENGTH DATA ELEMENTS--GENERAL INFORMATION | |
| fixed length control field | 040512s2004 nyua 001 0 eng |
| 020 ## - INTERNATIONAL STANDARD BOOK NUMBER | |
| International Standard Book Number | 0471327840 (cloth) |
| 040 ## - CATALOGING SOURCE | |
| Original cataloging agency | DLC |
| Transcribing agency | DLC |
| Modifying agency | DLC |
| 082 00 - DEWEY DECIMAL CLASSIFICATION NUMBER | |
| Classification number | 650.01513 |
| Edition number | 22 |
| Item number | SUL |
| 100 1# - MAIN ENTRY--PERSONAL NAME | |
| Personal name | Sullivan, Michael, |
| Dates associated with a name | 1942- |
| 9 (RLIN) | 29396 |
| 245 10 - TITLE STATEMENT | |
| Title | Mathematics : |
| Remainder of title | an Applied Approach / |
| Statement of responsibility, etc | Michael Sullivan, Abe Mizrahi. |
| 250 ## - EDITION STATEMENT | |
| Edition statement | 8th ed. |
| 260 ## - PUBLICATION, DISTRIBUTION, ETC. (IMPRINT) | |
| Place of publication, distribution, etc | New York : |
| Name of publisher, distributor, etc | John Wiley, |
| Date of publication, distribution, etc | c2004. |
| 300 ## - PHYSICAL DESCRIPTION | |
| Extent | 1 v. (various pagings) : |
| Other physical details | col. ill. ; |
| Dimensions | 27 cm. |
| 500 ## - GENERAL NOTE | |
| General note | Revision of: Mathematics : an applied approach / Abe Mizrahi, Michael Sullivan. 7th ed. c2000. |
| 500 ## - GENERAL NOTE | |
| General note | Includes index. |
| 650 #0 - SUBJECT ADDED ENTRY--TOPICAL TERM | |
| Topical term or geographic name as entry element | Business mathematics. |
| 9 (RLIN) | 29397 |
| 650 #0 - SUBJECT ADDED ENTRY--TOPICAL TERM | |
| Topical term or geographic name as entry element | Business mathematics |
| Form subdivision | Problems, exercises, etc. |
| 9 (RLIN) | 29398 |
| 650 #0 - SUBJECT ADDED ENTRY--TOPICAL TERM | |
| Topical term or geographic name as entry element | Social sciences |
| General subdivision | Mathematics. |
| 9 (RLIN) | 29399 |
| 653 ## - INDEX TERM--UNCONTROLLED | |
| Resource For college | |
| Arrived date list | March2012 |
| 700 1# - ADDED ENTRY--PERSONAL NAME | |
| Personal name | Mizrahi, Abe. |
| 9 (RLIN) | 29400 |
| 700 1# - ADDED ENTRY--PERSONAL NAME | |
| Personal name | Mizrahi, Abe. |
| Title of a work | Mathematics. |
| 9 (RLIN) | 29401 |
| 942 ## - ADDED ENTRY ELEMENTS (KOHA) | |
| Source of classification or shelving scheme | Dewey Decimal Classification |
| Item type | Book - Borrowing |
| Withdrawn status | Item status | Source of classification or shelving scheme | Damaged status | Not for loan | Vendor | Home library | Current library | Shelving location | Date acquired | Source of acquisition | Total Checkouts | Total Renewals | Full call number | Barcode | Date last seen | Date last borrowed | Koha item type |
|---|---|---|---|---|---|---|---|---|---|---|---|---|---|---|---|---|---|
| Dewey Decimal Classification | Baccah | Central Library | Central Library | First floor | 18/03/2012 | 5 | 1 | 650.01513 SUL | 000026458 | 15/07/2025 | 25/10/2021 | Book - Borrowing |